Lataa...

Malarum manamum /

Bibliografiset tiedot
Päätekijä: Ramaiah, Bs
Kieli:Undetermined
Julkaistu: 1955
LEADER 00356nam a2200121Ia 4500
001 53953
008 170722s9999 xx 000 0 und d
100 |a Ramaiah, Bs 
245 |a Malarum manamum / 
260 |c 1955 
942 |c GEN 
999 |c 20923  |d 20923 
952 |0 0  |1 0  |4 0  |6 03131N052X_J5  |7 0  |8 CR  |9 24725  |a LIB  |b LIB  |d 2017-08-12  |o 031,31N052x J5  |p 59267  |r 2017-08-12  |w 2017-08-12  |y GEN